[Event "Frankfurt Ch A 2018"]
[Site "Ffm-Höchst, BiKuZ"]
[Date "2018.06.18"]
[Round "7.18"]
[White "Benninger, Rudolf"]
[Black "Kuban, Günther"]
[Result "1-0"]
[WhiteElo "1895"]
[BlackElo "1967"]
[PlyCount "71"]
[EventDate "2018.??.??"]
[WhiteTeam "SC Heusenstamm"]
[BlackTeam "SV Oberursel"]

1. e4 c5 2. c3 d5 3. exd5 Qxd5 4. d4 cxd4 5. cxd4 Nc6 6. Nf3 e5 7. Nc3 Bb4 8.
Bd2 Bxc3 9. Bxc3 e4 10. Ne5 Nxe5 11. dxe5 Ne7 12. Be2 O-O 13. O-O Be6 14. Qc1
Qc6 15. Qg5 Nd5 16. Rac1 Rfc8 17. Kh1 Qb6 18. f4 Qe3 19. Rce1 h6 20. Qh4 Nxc3
21. bxc3 Qd2 22. Bg4 Bxg4 23. Qxg4 Rxc3 24. f5 Qg5 25. Qxe4 Rc6 26. Rb1 Rac8
27. h4 Qe7 28. f6 Qe6 29. Rxb7 Rc4 30. Qe1 Qd5 31. Qg3 g6 32. Re7 Re4 33. Rf4
Rc1+ 34. Kh2 Qd1 35. Qxg6+ fxg6 36. f7+ 1-0

[Event "Frankfurt Ch A 2018"]
[Site "Ffm-Höchst, BiKuZ"]
[Date "2018.06.18"]
[Round "7.19"]
[White "Mühlbach, Christian"]
[Black "Kolker, Vladislav"]
[Result "1/2-1/2"]
[WhiteElo "1641"]
[BlackElo "1931"]
[PlyCount "32"]
[EventDate "2018.??.??"]
[WhiteTeam "SK Langen"]
[BlackTeam "SC Bad Nauheim"]

1. Nf3 Nf6 2. g3 g6 3. Bg2 Bg7 4. O-O O-O 5. d3 d6 6. Nbd2 Nc6 7. e4 Nh5 8. Nc4
f5 9. c3 f4 10. d4 b5 11. Na3 Rb8 12. Nc2 e5 13. Qd3 g5 14. a4 a6 15. axb5 axb5
16. d5 g4 1/2-1/2

[Event "Frankfurt Ch A 2018"]
[Site "Ffm-Höchst, BiKuZ"]
[Date "2018.06.18"]
[Round "7.20"]
[White "Hitzer, Dieter"]
[Black "Teschler, Ulrich"]
[Result "0-1"]
[WhiteElo "1725"]
[BlackElo "1925"]
[PlyCount "94"]
[EventDate "2018.??.??"]
[WhiteTeam "Bad Vilbeler Sfr"]
[BlackTeam "SV Fechenheim"]

1. Nf3 c5 2. c4 Nc6 3. d4 cxd4 4. Nxd4 e5 5. Nb5 d6 6. N1c3 a6 7. Na3 Nf6 8. g3
Be7 9. Bg2 h5 10. Bg5 Qb6 11. Na4 Qa5+ 12. Bd2 Qc7 13. Bg5 Nd4 14. O-O Rb8 15.
Nc3 Be6 16. Bxf6 Bxf6 17. e3 Nf5 18. Qd3 O-O 19. Rac1 Qb6 20. b3 Qa5 21. Nab1
g6 22. Ne4 Be7 23. Nbc3 Rfd8 24. Rfd1 Kg7 25. Qe2 b5 26. cxb5 d5 27. Nd2 axb5
28. Nf3 e4 29. Nd4 Nxd4 30. exd4 Bb4 31. Nb1 Re8 32. h3 Ra8 33. Rc2 Bf5 34. Qe3
Rac8 35. Rdc1 Rxc2 36. Rxc2 Rc8 37. Rxc8 Bxc8 38. Qe2 Bf5 39. a3 Be7 40. b4 Qb6
41. Nc3 Qxd4 42. Nxb5 Qa1+ 43. Kh2 h4 44. Qe3 hxg3+ 45. fxg3 Bf6 46. Nd6 Bd7
47. b5 Bd4 0-1

[Event "Frankfurt Ch A 2018"]
[Site "Ffm-Höchst, BiKuZ"]
[Date "2018.06.18"]
[Round "7.21"]
[White "Ottenburg, Ralph"]
[Black "Hierling, Stefan"]
[Result "1/2-1/2"]
[WhiteElo "1859"]
[BlackElo "1901"]
[PlyCount "33"]
[EventDate "2018.??.??"]
[WhiteTeam "SF Frankfurt"]
[BlackTeam "VSG Offenbach"]

1. e4 c5 2. Nc3 Nc6 3. g3 Nf6 4. Bg2 g6 5. d3 Bg7 6. Be3 d6 7. Nge2 Bd7 8. Qd2
Ng4 9. Bf4 e5 10. Bg5 f6 11. Be3 Nxe3 12. Qxe3 Nd4 13. Qd2 Qa5 14. Nxd4 cxd4
15. Nd5 Qxd2+ 16. Kxd2 Rc8 17. c4 1/2-1/2

[Event "Frankfurt Ch A 2018"]
[Site "Ffm-Höchst, BiKuZ"]
[Date "2018.06.18"]
[Round "7.22"]
[White "Pfeffer, Marko"]
[Black "Stuhlmann, Florian"]
[Result "1/2-1/2"]
[WhiteElo "1967"]
[BlackElo "1699"]
[PlyCount "127"]
[EventDate "2018.??.??"]
[WhiteTeam "SC Bergen-Enkheim"]
[BlackTeam "SC Lindenholzhausen"]

1. d4 d5 2. Bf4 Nf6 3. e3 c5 4. c3 Nc6 5. Nd2 Bf5 6. Qb3 Qb6 7. dxc5 Qxb3 8.
Nxb3 e5 9. Bg3 a5 10. a4 Bc2 11. Nd2 Bxc5 12. Bb5 Nd7 13. Ngf3 f6 14. O-O O-O
15. Rac1 Bf5 16. Rfd1 Nb6 17. Nh4 Bg4 18. Re1 Rfd8 19. Nb3 Bd6 20. h3 Be6 21.
Nd2 Na7 22. e4 Nxb5 23. axb5 dxe4 24. Nxe4 Bc4 25. Nxd6 Rxd6 26. f4 exf4 27.
Bxf4 Rd5 28. Bc7 Rxb5 29. Bxb6 Rxb6 30. Re7 g6 31. Rd1 Be6 32. Re1 Raa6 33. Nf3
Bd5 34. Rd7 Be6 35. Rc7 Ra8 36. Nd4 Re8 37. Nxe6 Rexe6 38. Rxe6 Rxe6 39. Rxb7
Re1+ 40. Kf2 Rb1 41. Ke3 a4 42. Rb4 Kf7 43. Kd3 Ke6 44. Kc2 Ra1 45. Rd4 h5 46.
c4 a3 47. bxa3 Rxa3 48. Kb2 Rg3 49. Rd2 Rg5 50. Kc3 Rc5 51. Kb4 Rc7 52. Kb5 Rd7
53. Re2+ Kd6 54. c5+ Kc7 55. Re6 Rf7 56. Ra6 Kb8 57. Kc6 f5 58. Kd5 g5 59. Rh6
g4 60. Rxh5 gxh3 61. Rxh3 f4 62. Rf3 Kc7 63. Ra3 Rf5+ 64. Kd4 1/2-1/2

[Event "Frankfurt Ch A 2018"]
[Site "Ffm-Höchst, BiKuZ"]
[Date "2018.06.18"]
[Round "7.23"]
[White "Zimmer, Gerald"]
[Black "Kuckel, Michael"]
[Result "1/2-1/2"]
[WhiteElo "1904"]
[BlackElo "1696"]
[PlyCount "38"]
[EventDate "2018.??.??"]
[WhiteTeam "SC Bergen-Enkheim"]
[BlackTeam "SC Matt im Park"]

1. d4 f5 2. g4 fxg4 3. h3 d5 4. Nc3 Nf6 5. Bg2 Nc6 6. Bg5 Qd6 7. Bxf6 exf6 8.
Bxd5 g3 9. e3 Nb4 10. a3 Nxd5 11. Qh5+ g6 12. Qxd5 Bd7 13. Nge2 gxf2+ 14. Kxf2
Bc6 15. Qxd6 Bxd6 16. d5 Bd7 17. Ng3 f5 18. Rae1 O-O 19. Nce2 c6 1/2-1/2

[Event "Frankfurt Ch A 2018"]
[Site "Ffm-Höchst, BiKuZ"]
[Date "2018.06.18"]
[Round "7.24"]
[White "Makilla, Tobias"]
[Black "Merten, Rainer"]
[Result "1-0"]
[WhiteElo "1900"]
[BlackElo "1670"]
[PlyCount "61"]
[EventDate "2018.??.??"]
[WhiteTeam "SC Hattersheim"]
[BlackTeam "SV Frankfurt Nord"]

1. e4 c5 2. Nf3 Nc6 3. d4 cxd4 4. Nxd4 e6 5. Nc3 a6 6. Nxc6 bxc6 7. e5 Ne7 8.
Bg5 Qa5 9. Qd4 c5 10. Qd2 Nc6 11. f4 h6 12. Bh4 Rb8 13. b3 Nd4 14. Bc4 g5 15.
fxg5 Be7 16. O-O-O Bb7 17. Rhf1 hxg5 18. Bg3 Bc6 19. Kb2 Bb5 20. Nxb5 Qxd2 21.
Nc7+ Kd8 22. Rxd2 Kxc7 23. Rxf7 Rbe8 24. Bxa6 Nf5 25. Bd3 Ref8 26. Rxf8 Rxf8
27. Bb5 Nd4 28. a4 Kb6 29. Bxd7 Rd8 30. Bb5 Rf8 31. Bc4 1-0

[Event "Frankfurt Ch A 2018"]
[Site "Ffm-Höchst, BiKuZ"]
[Date "2018.06.18"]
[Round "7.25"]
[White "Steiz, Johann"]
[Black "Ochmann, Reimund"]
[Result "0-1"]
[WhiteElo "1681"]
[BlackElo "1899"]
[PlyCount "56"]
[EventDate "2018.??.??"]
[WhiteTeam "SV Dormagen"]
[BlackTeam "SK Langen"]

1. e4 e5 2. Nf3 Nc6 3. Bc4 Nf6 4. d3 Bc5 5. c3 a5 6. a4 h6 7. O-O O-O 8. Na3 d6
9. h3 Ne7 10. Nc2 c6 11. Be3 Bb6 12. Bb3 Ng6 13. Re1 d5 14. exd5 cxd5 15. Bxb6
Qxb6 16. Ne3 Be6 17. c4 Rad8 18. cxd5 Nxd5 19. Nc4 Qb4 20. Nfxe5 Ndf4 21. Nxg6
fxg6 22. Re3 Bd5 23. Nd2 Kh7 24. Bxd5 Rxd5 25. Nc4 Rfd8 26. Ne5 Qxb2 27. Rb1
Qd4 28. Re4 Qxe4 0-1

[Event "Frankfurt Ch A 2018"]
[Site "Ffm-Höchst, BiKuZ"]
[Date "2018.06.18"]
[Round "7.26"]
[White "Stock, Jürgen"]
[Black "Stricker, Konstantin"]
[Result "1-0"]
[WhiteElo "1877"]
[BlackElo "1645"]
[PlyCount "75"]
[EventDate "2018.??.??"]
[WhiteTeam "Sfr. Kelkheim"]
[BlackTeam "SC Eschbach"]

1. d4 d5 2. e3 e6 3. Bd3 Nf6 4. Nd2 Be7 5. f4 c5 6. c3 Nc6 7. Qe2 a6 8. a4 Bd7
9. Ngf3 O-O 10. O-O c4 11. Bc2 b5 12. axb5 axb5 13. Rxa8 Qxa8 14. e4 b4 15.
exd5 exd5 16. Ne5 Qa7 17. Ndf3 h6 18. Nxc6 Bxc6 19. Ne5 Bb5 20. g4 bxc3 21.
bxc3 Re8 22. g5 Nd7 23. gxh6 Nxe5 24. fxe5 Bd6 25. Qg2 Bxe5 26. Qxd5 Bxh2+ 27.
Kxh2 Re2+ 28. Kg1 Rxc2 29. Rxf7 Qxf7 30. h7+ Kxh7 31. Qxf7 Rxc1+ 32. Kf2 Rc2+
33. Ke1 Rb2 34. Qh5+ Kg8 35. d5 Bd7 36. Qh4 Bb5 37. d6 Rb1+ 38. Kd2 1-0

[Event "Frankfurt Ch A 2018"]
[Site "Ffm-Höchst, BiKuZ"]
[Date "2018.06.18"]
[Round "7.27"]
[White "Gutacker, Stephan"]
[Black "Senatov, Boris"]
[Result "1/2-1/2"]
[WhiteElo "1854"]
[BlackElo "1667"]
[PlyCount "98"]
[EventDate "2018.??.??"]
[WhiteTeam "Sfr. Kelkheim"]
[BlackTeam "SC Heusenstamm"]

1. e4 c5 2. c3 Nf6 3. e5 Nd5 4. d4 cxd4 5. cxd4 Nc6 6. Nc3 Nxc3 7. bxc3 d6 8.
exd6 exd6 9. Nf3 d5 10. Bd3 Be7 11. O-O Be6 12. Rb1 Qc7 13. Ng5 Bxg5 14. Bxg5
O-O 15. Re1 Rfe8 16. h4 Na5 17. Rc1 Nc4 18. Bb1 h6 19. Be3 Qd8 20. Qh5 Qf6 21.
Rcd1 Rac8 22. Bc1 Nd6 23. Re3 Nf5 24. Rf3 Qxh4 25. Rxf5 Qxh5 26. Rxh5 Bg4 27.
Rxd5 Bxd1 28. Bd2 Re2 29. Be3 Re1+ 30. Kh2 Bf3 31. Rb5 Bc6 32. Rb2 Bd5 33. Bf5
Rc7 34. Bf4 Rce7 35. Bd3 Ra1 36. c4 g5 37. Bb8 Bc6 38. d5 Ba4 39. d6 Re8 40.
Rxb7 Rxa2 41. Bf5 Rxf2 42. d7 Rxf5 43. dxe8=Q+ Bxe8 44. Bxa7 Kg7 45. Bd4+ Kg6
46. Rb6+ f6 47. c5 Rf4 48. Bb2 Rc4 49. Bxf6 Kf5 1/2-1/2

[Event "Frankfurt Ch A 2018"]
[Site "Ffm-Höchst, BiKuZ"]
[Date "2018.06.18"]
[Round "7.28"]
[White "Münstermann, Matthias"]
[Black "Varma, Christopher"]
[Result "1/2-1/2"]
[WhiteElo "1623"]
[BlackElo "1816"]
[PlyCount "52"]
[EventDate "2018.??.??"]
[WhiteTeam "SK Langen"]
[BlackTeam "SC Bad Nauheim"]

1. d4 Nf6 2. c4 g6 3. Nc3 Bg7 4. e4 d6 5. f3 O-O 6. Be3 Nc6 7. Qd2 a6 8. Nge2
Na5 9. Nf4 e5 10. Nfd5 b5 11. Nxf6+ Bxf6 12. Nd5 Nxc4 13. Bxc4 bxc4 14. Nxf6+
Qxf6 15. d5 Qe7 16. Rc1 f5 17. Bg5 Qf7 18. O-O Bd7 19. Rfe1 Bb5 20. a4 Bxa4 21.
Rxc4 Bb5 22. Rc2 Rfb8 23. Rec1 Rb7 24. Qa5 Rc8 25. Qa3 Qd7 26. Bd2 Ba4 1/2-1/2

[Event "Frankfurt Ch A 2018"]
[Site "Ffm-Höchst, BiKuZ"]
[Date "2018.06.18"]
[Round "7.29"]
[White "John, Volkmar"]
[Black "Winand, Edgar"]
[Result "1-0"]
[WhiteElo "1611"]
[BlackElo "1797"]
[PlyCount "133"]
[EventDate "2018.??.??"]
[WhiteTeam "SK Herborn"]
[BlackTeam "SV Hofheim"]

1. Nf3 d6 2. e4 g6 3. d4 Bg7 4. Nc3 Nf6 5. Bg5 h6 6. Be3 Ng4 7. Bd2 e5 8. d5 c6
9. Bd3 f5 10. h3 Nf6 11. dxc6 bxc6 12. O-O f4 13. Nh4 g5 14. Ng6 Rh7 15. h4 Be6
16. Be2 g4 17. h5 Qd7 18. b4 Nxh5 19. b5 Kf7 20. Nh4 Nf6 21. Rb1 h5 22. bxc6
Nxc6 23. Ba6 Rb8 24. Rxb8 Nxb8 25. Bb5 Qc7 26. Qe2 Bf8 27. Rb1 Nbd7 28. a4 Nb6
29. Qd3 Bc4 30. Bxc4+ Qxc4 31. a5 Qxd3 32. cxd3 Nbd7 33. Rb7 a6 34. Ra7 Ke6 35.
Rxa6 Nc5 36. Ra8 Bh6 37. a6 Nfd7 38. a7 Nb6 39. Re8+ Kd7 40. a8=Q Nxa8 41. Rxa8
Kc6 42. Nf5 Bg5 43. d4 Nb3 44. d5+ Kb7 45. Ra2 Nxd2 46. Rxd2 Kb6 47. Nxd6 Kc5
48. Nf5 Kc4 49. Nd1 h4 50. f3 g3 51. d6 Bd8 52. d7 h3 53. gxh3 Rxh3 54. Rc2+
Kd3 55. Rb2 Rh7 56. Rb7 Ke2 57. Nc3+ Kxf3 58. Nd5 g2 59. Rb3+ Kxe4 60. Nde7 f3
61. Kf2 Rh1 62. Re3+ Kf4 63. Rxf3+ Ke4 64. Kxg2 Rd1 65. Ng3+ Kd4 66. Rf8 Bxe7
67. d8=Q+ 1-0

[Event "Frankfurt Ch A 2018"]
[Site "Ffm-Höchst, BiKuZ"]
[Date "2018.06.18"]
[Round "7.31"]
[White "Worzelberger, Armin"]
[Black "Balzereit, Georg"]
[Result "0-1"]
[WhiteElo "1762"]
[BlackElo "1631"]
[PlyCount "54"]
[EventDate "2018.??.??"]
[WhiteTeam "SC Brett vorm Kopp"]
[BlackTeam "vereinslos"]

1. g4 e5 2. Bg2 d5 3. c4 c6 4. cxd5 cxd5 5. Qb3 Be6 6. Qxb7 Nd7 7. Nc3 Rb8 8.
Qa6 Bc5 9. e3 Ne7 10. Qe2 O-O 11. h4 e4 12. f4 f5 13. g5 d4 14. exd4 Bxd4 15.
d3 Bxc3+ 16. bxc3 Nc5 17. dxe4 Nd3+ 18. Kf1 Bc4 19. Nf3 Nb2 20. Nd4 Bxe2+ 21.
Kxe2 Qc8 22. Rh3 Qc4+ 23. Kf2 Nd3+ 24. Rxd3 Qxd3 25. Ne6 Qxc3 26. exf5 Qxa1 27.
Be3 Qxa2+ 0-1

[Event "Frankfurt Ch A 2018"]
[Site "Ffm-Höchst, BiKuZ"]
[Date "2018.06.18"]
[Round "7.32"]
[White "Diehl, Stefan"]
[Black "Breitbach, Stephan"]
[Result "1/2-1/2"]
[WhiteElo "1725"]
[BlackElo "1524"]
[PlyCount "35"]
[EventDate "2018.??.??"]
[WhiteTeam "SC Höchst"]
[BlackTeam "SC Landskrone"]

1. f4 Nf6 2. b3 d5 3. Nf3 g6 4. Bb2 Bg7 5. e3 O-O 6. Be2 c5 7. O-O Nc6 8. Qe1
Nb4 9. Bd1 Bf5 10. d3 Re8 11. Ne5 Nd7 12. a3 Nxe5 13. Bxe5 Bxe5 14. fxe5 Nc6
15. Nd2 Qd7 16. Qg3 Rf8 17. Nf3 d4 18. e4 1/2-1/2

[Event "Frankfurt Ch A 2018"]
[Site "Ffm-Höchst, BiKuZ"]
[Date "2018.06.18"]
[Round "7.33"]
[White "Li, Maxim"]
[Black "Stoll, Ulrich"]
[Result "1-0"]
[WhiteElo "1910"]
[BlackElo "1701"]
[PlyCount "53"]
[EventDate "2018.??.??"]
[WhiteTeam "Wiesbadener SV"]
[BlackTeam "Bad Vilbeler Sfr"]

1. e4 d5 2. exd5 Qxd5 3. d4 Nf6 4. Nc3 Qd6 5. Nf3 Bg4 6. h3 Bh5 7. g4 Bg6 8.
Ne5 Nbd7 9. f4 Be4 10. Nxe4 Nxe4 11. Qf3 Qxd4 12. Nxd7 Kxd7 13. c3 Qa4 14. Bg2
Nd6 15. O-O g6 16. b3 Qc6 17. Qd3 Qb5 18. c4 Qa5 19. Bb2 Rg8 20. a3 Ke8 21. b4
Qa6 22. b5 Qa4 23. Rad1 f6 24. Bd5 Rh8 25. Rfe1 Bg7 26. Qd2 e5 27. fxe5 1-0

[Event "Frankfurt Ch A 2018"]
[Site "Ffm-Höchst, BiKuZ"]
[Date "2018.06.18"]
[Round "7.35"]
[White "Kautz, Thomas"]
[Black "Dohmes, Swidbert"]
[Result "0-1"]
[WhiteElo "1763"]
[BlackElo "1685"]
[PlyCount "82"]
[EventDate "2018.??.??"]
[WhiteTeam "SK Niederbrechen"]
[BlackTeam "SV Hofheim"]

1. d4 Nf6 2. Nf3 g6 3. c4 d5 4. Nc3 Bg7 5. e3 O-O 6. Bd3 c5 7. dxc5 dxc4 8.
Bxc4 Qa5 9. O-O Qxc5 10. Qb3 Nc6 11. Na4 Qa5 12. Bd2 Qc7 13. Bc3 Na5 14. Bxa5
Qxa5 15. Rac1 b6 16. Be2 Be6 17. Qa3 Rac8 18. Nd4 Bd7 19. b3 e5 20. Nc2 Qd2 21.
Bc4 b5 22. Nc5 Qd6 23. Nxd7 Qxd7 24. Rfd1 Qb7 25. Be2 Rfd8 26. Nb4 Bf8 27. Rxd8
Rxd8 28. Qa5 Rd7 29. Na6 b4 30. Qxe5 Rd6 31. Nc5 Qb6 32. Ne4 Nxe4 33. Qxe4 Rd2
34. Rc2 Qd6 35. g3 Rxe2 36. Rc6 Re1+ 37. Kg2 Qd1 38. g4 Rg1+ 39. Kh3 Qf1+ 40.
Kh4 Qxf2+ 41. Kh3 g5 0-1

[Event "Frankfurt Ch A 2018"]
[Site "Ffm-Höchst, BiKuZ"]
[Date "2018.06.18"]
[Round "7.36"]
[White "Pham, Phuong-Bao"]
[Black "Ackermann, Robert"]
[Result "1-0"]
[WhiteElo "1757"]
[BlackElo "1666"]
[PlyCount "121"]
[EventDate "2018.??.??"]
[WhiteTeam "Frankfurter TV"]
[BlackTeam "SC Bad Soden"]

1. e4 d6 2. d4 Nf6 3. Nc3 g6 4. Bg5 Bg7 5. Qd2 h6 6. Bf4 Nbd7 7. O-O-O c6 8. e5
dxe5 9. dxe5 Nh5 10. e6 fxe6 11. Bd3 Nxf4 12. Qxf4 Bf6 13. Bxg6+ Kf8 14. Nf3
Qa5 15. Rhe1 Kg7 16. Bd3 Nf8 17. Qg3+ Kf7 18. Ne5+ Bxe5 19. Rxe5 b5 20. Qf3+
Kg7 21. Qxc6 Rb8 22. Rxb5 Rxb5 23. Bxb5 Ng6 24. Qe4 a6 25. Bd3 Qg5+ 26. Kb1 Qf6
27. Qxg6+ Qxg6 28. Bxg6 Kxg6 29. Ne4 Rf8 30. f3 h5 31. b4 h4 32. h3 e5 33. a4
Bf5 34. Nc5 Rc8 35. Rd5 Kf6 36. Kb2 Rc6 37. c3 Be6 38. Nxe6 Kxe6 39. Rd8 Kf5
40. Kb3 e4 41. Rd5+ e5 42. fxe4+ Kxe4 43. c4 Kf4 44. Kc3 e4 45. Rd2 Ke3 46. Rd5
Kf2 47. b5 axb5 48. axb5 Re6 49. Rd2+ Kf1 50. c5 e3 51. Rd1+ Kxg2 52. Kd3 Re8
53. Ke2 Kxh3 54. c6 Rc8 55. Kxe3 Kg2 56. Rd7 h3 57. Rg7+ Kh1 58. Rh7 h2 59. c7
Rxc7 60. Rxc7 Kg2 61. Rh7 1-0

[Event "Frankfurt Ch A 2018"]
[Site "Ffm-Höchst, BiKuZ"]
[Date "2018.06.18"]
[Round "7.37"]
[White "Hinz, André"]
[Black "Moritz, Dennis"]
[Result "1/2-1/2"]
[WhiteElo "1746"]
[BlackElo "1611"]
[PlyCount "92"]
[EventDate "2018.??.??"]
[WhiteTeam "SC Brett vorm Kopp"]
[BlackTeam "SK Hungen"]

1. c4 e5 2. g3 Nc6 3. Bg2 f5 4. d3 Nf6 5. Nc3 Bb4 6. Bd2 d6 7. e3 O-O 8. Nge2
Ne7 9. O-O c6 10. a3 Bxc3 11. Bxc3 Be6 12. b3 a5 13. Qc2 Qe8 14. a4 Qh5 15. Qd2
g5 16. f4 Ng6 17. Rae1 Rf7 18. Bxa5 Ng4 19. h3 Nxe3 20. Qxe3 gxf4 21. Qd2 Rxa5
22. Qxa5 fxg3 23. Qd8+ Nf8 24. Qxd6 f4 25. Rxf4 exf4 26. Nxf4 Qf5 27. Rf1 Rd7
28. Qb8 Qc5+ 29. Kh1 Bf7 30. Be4 Kg7 31. Ne2 Rd6 32. Qxb7 Qh5 33. Nf4 Qh6 34.
Qc7 Rf6 35. Kg2 Kg8 36. a5 Be6 37. Rf3 Rxf4 38. Rxg3+ Ng6 39. Bxg6 hxg6 40.
Qxc6 g5 41. Qc5 Rf5 42. Qb6 Qf6 43. Qb8+ Kh7 44. Qb7+ Kg6 45. Rf3 Qb2+ 46. Kg3
Qe5+ 1/2-1/2

[Event "Frankfurt Ch A 2018"]
[Site "Ffm-Höchst, BiKuZ"]
[Date "2018.06.18"]
[Round "7.39"]
[White "Bratmann, Marc"]
[Black "Friedel, Thomas"]
[Result "1-0"]
[WhiteElo "1718"]
[BlackElo "1496"]
[PlyCount "93"]
[EventDate "2018.??.??"]
[WhiteTeam "TuS Dotzheim"]
[BlackTeam "SV Groß-Gerau"]

1. e4 e5 2. Nc3 Nc6 3. g3 Nf6 4. Bg2 Bc5 5. Nge2 d6 6. O-O Bg4 7. h3 Bh5 8. Kh2
Nd4 9. f3 Qd7 10. d3 h6 11. Nxd4 Bxd4 12. Nd5 Nxd5 13. exd5 O-O-O 14. c3 Bb6
15. a4 a6 16. b4 g5 17. Qb3 Bg6 18. c4 f5 19. Rb1 f4 20. g4 h5 21. c5 Ba7 22.
cxd6 Qxd6 23. Ba3 Qxd5 24. Rfd1 Qxb3 25. Rxb3 Bd4 26. b5 a5 27. Be7 Rdg8 28.
Re1 Bf7 29. Rbb1 Rg6 30. Re2 Re8 31. Ba3 Ba2 32. Rxa2 hxg4 33. fxg4 Rh6 34. Rf1
Rh7 35. Be4 Rhh8 36. Rc2 Kb8 37. Bc5 b6 38. Bxd4 exd4 39. Rc6 Re7 40. Rg6 Re5
41. Rc1 Rhe8 42. Rc4 Rxe4 43. dxe4 Rxe4 44. Rxg5 Re2+ 45. Kg1 d3 46. Rxf4 d2
47. Rd4 1-0

[Event "Frankfurt Ch A 2018"]
[Site "Ffm-Höchst, BiKuZ"]
[Date "2018.06.18"]
[Round "7.40"]
[White "Fröhlich-Dill, Astrid"]
[Black "Ketting, Douwe"]
[Result "1-0"]
[WhiteElo "1786"]
[BlackElo "1387"]
[PlyCount "79"]
[EventDate "2018.??.??"]
[WhiteTeam "SV Hofheim"]
[BlackTeam "SC Somborn"]

1. d4 Nf6 2. c4 g6 3. Nc3 d5 4. cxd5 Nxd5 5. e4 Nxc3 6. bxc3 Bg7 7. Bc4 O-O 8.
Ne2 c5 9. O-O Nc6 10. Be3 cxd4 11. cxd4 Qc7 12. Rc1 Rd8 13. Bd5 Qd6 14. Qb3 e6
15. Bxc6 bxc6 16. Qc4 Bb7 17. e5 Qd5 18. Qc2 c5 19. Nf4 Qe4 20. Qxe4 Bxe4 21.
Rxc5 Rab8 22. f3 Bb1 23. a4 Rb7 24. Rb5 Rxb5 25. axb5 Bc2 26. Rc1 Ba4 27. Ra1
Bxb5 28. Rxa7 Bc4 29. Rc7 Bb3 30. Nd3 Bd5 31. Nc5 h5 32. h4 Ra8 33. Ne4 Bb3 34.
Bg5 Bd5 35. Nd6 Ra1+ 36. Kh2 Ra2 37. Kg3 Ra4 38. Rc8+ Kh7 39. Nxf7 Rxd4 40. Bf4
1-0

[Event "Frankfurt Ch A 2018"]
[Site "Ffm-Höchst, BiKuZ"]
[Date "2018.06.18"]
[Round "7.41"]
[White "Stärke, Karsten"]
[Black "Lopez, Victor"]
[Result "0-1"]
[WhiteElo "1804"]
[BlackElo "1586"]
[PlyCount "68"]
[EventDate "2018.??.??"]
[WhiteTeam "SC Matt im Park"]
[BlackTeam "SC Höchst"]

1. e4 c6 2. d4 d5 3. e5 Bf5 4. Nc3 e6 5. g4 Bg6 6. Nge2 c5 7. h4 h5 8. Nf4 Nc6
9. Nxg6 fxg6 10. Bd3 Nge7 11. Nb5 Kd7 12. Nd6 Qc7 13. dxc5 Nxe5 14. Bb5+ N7c6
15. Bxc6+ Kxc6 16. c3 Kd7 17. Bf4 Bxd6 18. Qa4+ Qc6 19. Qxc6+ bxc6 20. Bxe5
Bxe5 21. O-O-O Rhf8 22. Rhe1 Bh2 23. Re2 Rf7 24. Rd4 e5 25. Ra4 e4 26. Kd1 hxg4
27. c4 Rf6 28. b4 Kc7 29. cxd5 cxd5 30. b5 a6 31. Ra5 Be5 32. Kc2 Bd4 33. b6+
Kc6 34. Kb3 Rxf2 0-1

[Event "Frankfurt Ch A 2018"]
[Site "Ffm-Höchst, BiKuZ"]
[Date "2018.06.18"]
[Round "7.42"]
[White "Thomele, Michael"]
[Black "Schlumbohm, Nils"]
[Result "1-0"]
[WhiteElo "1789"]
[BlackElo "1581"]
[PlyCount "43"]
[EventDate "2018.??.??"]
[WhiteTeam "SC Obernau"]
[BlackTeam "FV Berkersheim"]

1. e4 e5 2. Nf3 Nc6 3. Nc3 Nf6 4. Bc4 Be7 5. d4 d6 6. h3 O-O 7. Be3 a6 8. a3 b5
9. Be2 Bd7 10. O-O Re8 11. d5 Nb8 12. Nd2 c6 13. f4 cxd5 14. exd5 Bc8 15. fxe5
dxe5 16. Bf3 Bd6 17. Bg5 Ra7 18. Nde4 h6 19. Bxf6 gxf6 20. Bg4 f5 21. Bxf5 Kf8
22. Qh5 1-0

[Event "Frankfurt Ch A 2018"]
[Site "Ffm-Höchst, BiKuZ"]
[Date "2018.06.18"]
[Round "7.43"]
[White "Lemonidis, Christos"]
[Black "Hagel, Stephan"]
[Result "1-0"]
[WhiteElo "1739"]
[BlackElo "1548"]
[PlyCount "57"]
[EventDate "2018.??.??"]
[WhiteTeam "SC Nied"]
[BlackTeam "SK Hungen"]

1. e4 c5 2. d3 Nc6 3. g3 Nf6 4. Bg2 g6 5. Nh3 Bg7 6. O-O O-O 7. c3 d5 8. Qe2
dxe4 9. dxe4 Qc7 10. Be3 Nd7 11. f4 e5 12. f5 b6 13. g4 Bb7 14. Nd2 h6 15. Rf3
Nf6 16. fxg6 fxg6 17. g5 hxg5 18. Nxg5 Qe7 19. Qc4+ Kh8 20. Rh3+ Nh5 21. Bf3
Bh6 22. Bxh5 Bxg5 23. Bxg6+ Kg7 24. Bxg5 Qxg5+ 25. Rg3 Qe7 26. Bf5+ Kh6 27.
Rg6+ Kh5 28. Qe2+ Kh4 29. Qg4# 1-0

[Event "Frankfurt Ch A 2018"]
[Site "Ffm-Höchst, BiKuZ"]
[Date "2018.06.18"]
[Round "7.44"]
[White "Both, Günter"]
[Black "Rauscher, Joachim"]
[Result "0-1"]
[WhiteElo "1523"]
[BlackElo "1712"]
[PlyCount "52"]
[EventDate "2018.??.??"]
[WhiteTeam "SK Bischofsheim"]
[BlackTeam "SC Brett vorm Kopp"]

1. e4 c5 2. Nf3 d6 3. d4 cxd4 4. Nxd4 Nf6 5. Nc3 g6 6. Be2 Bg7 7. Be3 O-O 8.
O-O Nc6 9. Qd2 Bd7 10. f3 a6 11. Nxc6 Bxc6 12. Rfd1 Rc8 13. Nd5 Nxd5 14. exd5
Ba4 15. Bd3 Bxb2 16. Rab1 Bc3 17. Qf2 b5 18. Bd2 Bxd2 19. Rxd2 Rc5 20. Bf1 Qa8
21. Re1 Qb7 22. Qe3 Re8 23. c4 bxc4 24. Rd4 Rxd5 25. Rxc4 Re5 26. Qh6 Qb6+ 0-1

[Event "Frankfurt Ch A 2018"]
[Site "Ffm-Höchst, BiKuZ"]
[Date "2018.06.18"]
[Round "7.45"]
[White "Markulic, Petar"]
[Black "Viol, Julius"]
[Result "0-1"]
[WhiteElo "1502"]
[BlackElo "1675"]
[PlyCount "84"]
[EventDate "2018.??.??"]
[WhiteTeam "SF Frankfurt"]
[BlackTeam "FC Bierstadt"]

1. e4 e6 2. d4 d5 3. c4 dxe4 4. f4 c5 5. d5 exd5 6. cxd5 Nf6 7. Nc3 a6 8. a4 b6
9. Bc4 Bd6 10. Nge2 O-O 11. O-O Re8 12. Be3 Ng4 13. Qd2 Nxe3 14. Qxe3 f5 15.
Kh1 Kh8 16. Nd1 Nd7 17. Qh3 Nf6 18. Ne3 g6 19. g3 Bf8 20. Qg2 Bd7 21. Nc3 Qb8
22. Qe2 Qb7 23. h3 Rab8 24. Bxa6 Qc7 25. b3 Bg7 26. Rac1 Nh5 27. Kg2 Bd4 28.
Bb5 Bxc3 29. Rxc3 Bxb5 30. Qxb5 g5 31. Nxf5 gxf4 32. Qc6 Qe5 33. Rcc1 Qxf5 34.
g4 f3+ 35. Kh1 Ng3+ 36. Kg1 Qf4 37. Rf2 Qxc1+ 38. Kh2 Qf4 39. Kg1 e3 40. Rc2 e2
41. Rc1 Qe3+ 42. Kh2 Qf2# 0-1

[Event "Frankfurt Ch A 2018"]
[Site "Ffm-Höchst, BiKuZ"]
[Date "2018.06.18"]
[Round "7.46"]
[White "Knödler, Marcel"]
[Black "Fischer, Lutz"]
[Result "0-1"]
[WhiteElo "1672"]
[BlackElo "1533"]
[PlyCount "54"]
[EventDate "2018.??.??"]
[WhiteTeam "FC Bierstadt"]
[BlackTeam "SF Frankfurt"]

1. c4 e5 2. g3 c6 3. Bg2 Nf6 4. Nc3 Bb4 5. e3 O-O 6. Nge2 d5 7. cxd5 cxd5 8.
Qb3 Bxc3 9. bxc3 Nc6 10. d4 Na5 11. Qb4 e4 12. Ba3 Re8 13. O-O Nc4 14. Rad1 Re6
15. Ra1 a5 16. Qf8+ Qxf8 17. Bxf8 Kxf8 18. Rfb1 Rb8 19. Nf4 Rd6 20. Bf1 Nd2 21.
Rb2 Nxf1 22. Kxf1 Bd7 23. Rab1 b5 24. a4 Rdb6 25. h3 Bc6 26. g4 g5 27. Ne2 Nd7
0-1

[Event "Frankfurt Ch A 2018"]
[Site "Ffm-Höchst, BiKuZ"]
[Date "2018.06.18"]
[Round "7.47"]
[White "Krischak, Werner"]
[Black "Popp, Matthias"]
[Result "0-1"]
[WhiteElo "1649"]
[BlackElo "1516"]
[PlyCount "58"]
[EventDate "2018.??.??"]
[WhiteTeam "SK Marburg"]
[BlackTeam "SC Bergen-Enkheim"]

1. d4 Nf6 2. Nf3 d6 3. c4 Nbd7 4. Nc3 e5 5. e4 exd4 6. Nxd4 Nc5 7. Qc2 c6 8. b4
Ne6 9. Nf3 Qb6 10. Na4 Nd4 11. Nxb6 Nxc2+ 12. Kd1 axb6 13. Kxc2 Nxe4 14. Be3 c5
15. b5 Be7 16. a4 Bf6 17. Ra3 Nc3 18. Bd3 O-O 19. Rxc3 Bxc3 20. Kxc3 Rxa4 21.
Kb3 Rb4+ 22. Kc2 Be6 23. Bd2 Ra4 24. Kb3 Rfa8 25. Rb1 Ra2 26. Rb2 R8a3+ 27. Kc2
Rxb2+ 28. Kxb2 Rxd3 29. Be3 Bxc4 0-1